Statistics for Word Scramble- Asian Cities

Click here to take the quiz!

General Stats

  • This quiz has been taken 41 times
    (31 since last reset)
  • The average score is 21 of 31

Answer Stats

ScrambleAsian City% Correct
Ewn HildeNew Delhi
100%
PieitaTaipei
94%
YtokoTokyo
94%
KokbangBangkok
88%
LidiDili
88%
Alaku RulmupKuala Lumpur
88%
NaxiXi an
88%
GraaAgra
81%
KubaBaku
81%
ObomlocColombo
81%
KasaoOsaka
81%
OulseSeoul
81%
HgiahansShanghai
75%
NihaoHanoi
69%
SalmadabisIslamabad
69%
StacmuMuscat
69%
NasaaSana a
69%
AveintnieVientiane
69%
HanuwWuhan
69%
PreosnigaSingapore
63%
MenaxiXiamen
63%
ZhuogaungGuangzhou
56%
PorosapSapporo
56%
JnitainTianjin
56%
DuchnegChengdu
50%
Kyoto
50%
JiannngNanjing
50%
HenszehnShenzhen
44%
QngigohcnChongqing
38%
ZoulanhLanzhou
31%
AnlidaDalian
25%

Score Distribution

Percentile by Number Answered

Percent of People with Each Score

Your Score History

You have not taken this quiz since the last reset